Statistiques concernant Capitales des pays participant à la coupe du monde 2018

Cliquez ici pour prendre le quiz!

Statistiques générales

  • Ce quiz a été pris 141 fois
  • Le résultat moyen est 25 sur 32

Statistiques - réponses

Pays % Correct
Paris
99%
Madrid
96%
Moscou
93%
Brasilia
91%
Buenos Aires
90%
Berlin
88%
Lisbonne
88%
Londres
88%
Tokyo
86%
Canberra
84%
Bruxelles
84%
Copenhague
81%
Mexico
80%
Lima
80%
Rabat
79%
Montevideo
78%
Séoul
77%
Stockholm
77%
Le Caire
75%
Berne
75%
Tunis
75%
Varsovie
74%
Zagreb
74%
Téhéran
68%
Reykjavik
67%
Bogota
67%
Panama
66%
Riyad
61%
Belgrade
58%
Dakar
57%
San José
51%
Abuja
45%

Distribution des résultats

Percentile par nombre de réponses

% des personnes avec chaque résultat

Votre développement - résultats

Vous n’avez pas pris ce quiz